| 000 | 01026nam2a22002531 4500 | ||
|---|---|---|---|
| 001 | 2578734 | ||
| 005 | 20250622230325.0 | ||
| 021 |
_aRU _b78-78709 |
||
| 035 | _a(NLR Aleph) 006461781 | ||
| 090 |
_a5843836 _c5843836 |
||
| 100 | _a20110316d1978 |||y0rusy50 ca | ||
| 101 | 0 | _arus | |
| 102 | _aRU | ||
| 105 | _ay z ||||| | ||
| 200 | 1 | _aНаправления развития электрооборудования основных типов судов флота рыбной промышленности | |
| 210 |
_d1978 _aБ. м. |
||
| 461 | 0 |
_10012578712 _12001#$aV Научно-техническая конференция по развитию флота рыбной промышленности и промышленного рыболовства социалистических стран$eДоклад...$v№ 4.6 |
|
| 700 | 1 |
_aБедекер _bВ.Ф. |
|
| 701 | 1 |
_aНикитин _bА.Н. |
|
| 801 | 0 |
_aRU _bNLR _gpsbo |
|
| 801 | 1 |
_aRU _bELAR _2rusmarc |
|
| 852 |
_aNLR _jDesideratum |
||
| 942 | _cBOOK | ||
| 980 | _aNB | ||